| 000 | 02337nam0a2200409 4500 | ||
|---|---|---|---|
| 001 | RU\NLR\BIBL_A\022397242 | ||
| 005 | 20260409075240.0 | ||
| 010 |
_a978-5-98424-315-5 _9500 |
||
| 035 | _a(NLR Aleph) 022397242 | ||
| 090 |
_a13333356 _c13333356 |
||
| 100 | _a20241202d2024 k y0rusy50 ca | ||
| 101 | 0 |
_arus _aeng |
|
| 102 | _aRU | ||
| 105 | _aa z 000zy | ||
| 181 | 0 |
_ai3 _baxxe |
|
| 182 | 0 | _an | |
| 200 | 1 |
_aЧеловек и его дискурс - 8: политическое медиавоздействие - цифровые технологии - гражданская лингвопрагматика _dPerson and his discourse - 8: political media influence - digital technologies - civil linguopragmatics _eмонография _fМ. Р. Желтухина, И.П. Спорова _gРоссийская академия наук, Институт языкознания [и др.] _zeng |
|
| 203 |
_aТекст _bвизуальный _cнепосредственный |
||
| 210 |
_aМосква _aВолгоград _cПринТерра-Дизайн _d2024 |
||
| 215 |
_a246 с. _cил. _d21 |
||
| 300 | _aАвт. также на англ. яз.: M. R. Zheltukhina, I. P. Sporova | ||
| 300 | _aНа с. 245-246 авт.: Желтухина Марина Ростиславовна, д-р филол. наук, проф., акад. РАЕН. Спорова Ирина Петровна, канд. филол. наук | ||
| 300 | _aСведения об авт. парал. на рус. и англ. яз. | ||
| 320 | _aБиблиогр.: с. 196-232 (271 назв.) | ||
| 510 | 1 |
_6z01790 _aPerson and his discourse - 8: political media influence - digital technologies - civil linguopragmatics _zeng |
|
| 606 |
_aДискурс (лингв.) _3RU\NLR\AUTH\661418476 _92377099 |
||
| 606 | 1 |
_aПсихолингвистика _9957276 _3RU\NLR\AUTH\66356957 |
|
| 686 | 1 | _aШ100.0 | |
| 686 | 1 | _aФ3(0)15 | |
| 700 | 1 |
_aЖелтухина _bМ. Р. _f1974- _gМарина Ростиславовна |
|
| 701 | 1 |
_aСпорова _bИ. П. _gИрина Петровна |
|
| 790 | 1 |
_6z01 _aŽeltuchina _bM. R. _f1974- _gMarina Rostislavovna |
|
| 790 | 1 |
_6z01 _6z01510 _aSporova _bI. P. _gIrina Petrovna |
|
| 942 | _cBOOK | ||
| 980 | _aNB | ||